| 000 | 004840000a22001210004500 | ||
|---|---|---|---|
| 773 | 0 | _tPerfiles: revista de la comunidad académica UDES | |
| 100 | 1 | _aÁlvarez, Rodrigo | |
| 245 | 1 | 0 | _aEl lugar de Santander en la historia nacional en el siglo XIX |
| 300 | _aVol.0, núm.2 ( , 2005), Páginas 82-84 | ||
| 500 | _aEl autor habla de los logros y contribuciones del departamento de Santander en la historia y en la actualidad. | ||
| 650 | 1 | 4 | _aHISTORIA-SANTANDER-GEOPOLÍTICA |
| 942 | _cANA | ||
| 999 |
_c62577 _d62577 |
||